Statistieken voor Provincie Henegouwen - Trivia

Klik hier om de quiz te nemen!

Algemene statistieken

  • Deze quiz is 181 keer genomen
  • De gemiddelde score is 14 van 20

Antwoordstatistieken

OmschrijvingAntwoord% Correct
Aangrenzende provinciesNamen
96%
Aangrenzend landFrankrijk
95%
Aangrenzende provinciesWaals-Brabant
93%
Aangrenzende provinciesWest-Vlaanderen
93%
Aangrenzende provinciesOost-Vlaanderen
92%
Aangrenzende provinciesVlaams-Brabant
91%
Grootste stadCharleroi
89%
Clubs in de Jupiler Pro LeagueRoyal Charleroi SC
89%
Hoofdstad (tweede stad)Bergen
80%
Trappistenbier gebrouwen in ChimayChimay
77%
Vierde stadDoornik
56%
"Beste dierentuin van Europa" in BrugelettePairi Daiza
56%
Internationale naam van de Luchthaven van Charleroi{Brussels South} Charleroi Airport
55%
Belangrijkste rivierSamber
50%
Gemeente die als exclave aan West-Vlaanderen grenstKomen-Waasten
48%
Derde stadLa Louvière
47%
Belangrijkste snelwegE429 / E42
43%
Plaats waar de grootste Belgische mijnramp plaatsvond in 1956Marcinelle
41%
Bekende meren in het zuiden van de provincieLes Lacs de L' Eau d'{Heure}
39%
Hoogste puntL'Escaillère
22%

Scoreverdeling

Percentiel versus Aantal Correcte Antwoorden

Procent van Mensen met Elke Score

Uw Scoregeschiedenis

U heeft deze quiz nog niet genomen